| 000 | 00877nas a2200289 4500 | ||
|---|---|---|---|
| 001 | BR0200981 | ||
| 003 | BR-BrBNA | ||
| 005 | 20231205102743.0 | ||
| 007 | ta | ||
| 008 | 230509b bl.|||p| |||| 00| 00por d | ||
| 040 |
_aBR-BrBNA _bpor _cBiblioteca Nacional de Agricultura |
||
| 041 | _a(Pt) | ||
| 072 | _aF01; F02 | ||
| 100 | 1 | _aQueiroga, R.C.F. | |
| 100 | 1 | _aBerreza Neto, F. | |
| 100 | 1 | _aNegreiros, M.Z. | |
| 100 | 1 | _aOliveira, A.P. | |
| 100 | 1 | _aAzevedo, C.M.S.B. | |
| 245 | 1 | _aProdução de alface em função de cultivares e tipos de tela de sombreamento nas condições de Mossoró | |
| 650 | _aALFACE | ||
| 650 | _aSOMBREAMENTO | ||
| 650 | _aMUDA | ||
| 650 | _aRENDIMENTO | ||
| 773 | 0 |
_tHorticultura Brasileira (Brazil) _xISSN 0102-0536 _g(Nov 2001), v. 19(3) p. 324-328 _wBR0200981 |
|
| 909 |
_a202311 _bLúcia _c55 _dLúcia Elande |
||
| 942 |
_2AGRIS _n0 _cANA |
||
| 999 |
_c169160 _d169160 |
||